00405 2200157 4500001002100000005001500021008004100036035001900077041000700096082001000103090001600113100001200129245003800141260002500179650004300204INLIS00000000001738520241224115312241224||||||||| | ||| |||| || |  0010-1224017385 aid0 a631.8 a631.8 EKA p0 aEkayana00aPEDULI SAMPAH MENGHASILKAN KOMPOS bTiga Serangkaic1998 0aPertanian Dan Teknologi Yang Berkaitan